Fundamentals of bookkeeping and accounting for the successful consultant /

Bibliographic Details
Main Author: Thomsett, Michael C.
Format: Book
Language:English
Published: Washington, D.C. : Bermont Books, [1980]
Subjects:

MARC

Tag First Indicator Second Indicator Subfields
LEADER 00000cam a2200000 a 4500
001 in00000080805
005 20151008054103.0
008 800814s1980 dcua 00110 engm
010 |a  80116299  
020 |a 0930686071 :  |c $28.00 
035 |a (OCoLC)06709836 
035 |9 AAH9587AM 
040 |a DLC  |c DLC  |d m.c.  |d TXA  |d UtOrBLW 
049 |a TXAM  |c [1441874] 
050 0 0 |a HF5635  |b .T49 
082 0 |a 657  |2 19 
100 1 |a Thomsett, Michael C. 
245 1 0 |a Fundamentals of bookkeeping and accounting for the successful consultant /  |c by Michael C. Thomsett. 
264 1 |a Washington, D.C. :  |b Bermont Books,  |c [1980] 
264 4 |c ©1980 
300 |a viii, 134 pages ;  |c 26 cm. 
336 |a text  |b txt  |2 rdacontent 
337 |a unmediated  |b n  |2 rdamedia 
338 |a volume  |b nc  |2 rdacarrier 
500 |a Includes index. 
650 0 |a Accounting. 
999 |a MARS 
999 f f |s b5a4c00e-d2f9-3a1a-8b13-267110935d19  |i 71084bde-8a2d-3b95-b6da-dce4392217a3  |t 0 
952 f f |p ric  |a Texas A&M University  |b Rellis Campus  |c Joint Library Facility  |d Remote Storage  |t 0  |e HF5635 .T49  |h Library of Congress classification  |i unmediated -- volume  |m A14806135965 
998 f f |a HF5635 .T49  |t 0  |l Remote Storage